| 000 | 00826nam a22002771i 4500 | ||
|---|---|---|---|
| 001 | 20639 | ||
| 003 | VRT | ||
| 005 | 20260128135311.0 | ||
| 008 | 240126s1985 xo r 000 slo d | ||
| 020 | _c27.- Kčs | ||
| 035 | _a(SVKBBclas03)vtls000049570 | ||
| 039 | 9 |
_a202401261552 _bVLOAD _c202212071603 _dvsvkbb02 _c201909031427 _dAUTHORITY _c201909031130 _dcsnk20 |
|
| 040 |
_aSVKBB _bslo _cSVKBB _eAACR2 |
||
| 041 | 0 | _aslo | |
| 044 |
_axo _cSK |
||
| 080 | _a885.4-3 | ||
| 100 | 1 |
_aHabaj, Ivan, _d1943- |
|
| 245 | 0 | 0 |
_aKolonisti _cIvan Habaj |
| 250 | _a2. vyd. | ||
| 260 |
_aBratislava _bSlovenský spisovateľ _c1985 |
||
| 300 |
_a577 s. _c20 cm |
||
| 440 | 0 |
_a(Spolok priateľov krásnych kníh _vzv. 440) |
|
| 650 | 0 | 7 | _aslovenské romány |
| 942 |
_2ddc _cKLDO _n0 |
||
| 949 |
_6270001000065255 _asvkbbA 45628 _bsvkbbb 459257 |
||
| 999 |
_c20639 _d20639 |
||